02819cam a2200421 a 4500001000400000003001000004005001700014008004100031020002500072020002500097040002500122080001700147090001700164245023300181260003800414300002500452504002600477505007700503590004300580650005100623650006700674650005000741700003900791700004600830700005600876942001200932952014400944952014401088952014401232952014401376952014401520952014401664952014401808952014401952952014402096952014402240999001302384212BR-CuiBMT20231117171209.0230830s2022 mgba 000 0 por d a9786555183238 (v. 1) a9786555183245 (v. 2) aBR-CuiBMTcBR-CuiBMT 22007a342.92 a342.92bC73200aComentários à lei de licitações e contratos administrativos :bLei n° 14.133, de 1° de abril de 2021 /cCristina Fortini, Rafael Sérgio Lima de Oliveira, Tatiana Camarão, coordenadores ; prefácio Benjamin Zymler. aBelo Horizonte :bFórum,c2022. a2 v. :bil. ;c24 cm aInclui bibliografia. 0 aConteúdo completo: v. 1. Artigos 1° ao 70 -- v. 2. Artigos 71 ao 194. aA Biblioteca possui a 1. reimpr. 2022. aDireito administrativoxLicitaçõeszBrasil aContratos administrativosxAdministração públicazBrasil aContratação públicaxNormas de controle1 aFortini, Cristiana,d1973-4coord.1 aOliveira, Rafael Sérgio Lima de4coord.1 aCamarão, Tatiana Martins da Costa,d1969-4coord. 2udccLV 00102udc4070aBIBTCEMTbBIBTCEMTd2023-06-28hv. 1l0o342.92 C732pBIBTCEMT23080191r2023-08-30tEx. 1w2023-08-30yLVz1. reimpr. 2022 00102udc4070aBIBTCEMTbBIBTCEMTd2023-06-28hv. 2l0o342.92 C732pBIBTCEMT23100035r2023-10-26tEx. 1w2023-08-30yLVz1. reimpr. 2022 00102udc4070aBIBTCEMTbBIBTCEMTd2023-11-17hv. 1l0o342.92 C732pBIBTCEMT23110698r2023-11-17tEx. 2w2023-11-17yLVz1. reimpr. 2022 00102udc4070aBIBTCEMTbBIBTCEMTd2023-11-17hv. 1l0o342.92 C732pBIBTCEMT23110701r2023-11-17tEx. 3w2023-11-17yLVz1. reimpr. 2022 00102udc4070aBIBTCEMTbBIBTCEMTd2023-11-17hv. 1l0o342.92 C732pBIBTCEMT23110702r2023-11-17tEx. 4w2023-11-17yLVz1. reimpr. 2022 00102udc4070aBIBTCEMTbBIBTCEMTd2023-11-17hv. 1l0o342.92 C732pBIBTCEMT23110703r2023-11-17tEx. 5w2023-11-17yLVz1. reimpr. 2022 00102udc4070aBIBTCEMTbBIBTCEMTd2023-11-17hv. 2l0o342.92 C732pBIBTCEMT23110704r2023-11-17tEx. 2w2023-11-17yLVz1. reimpr. 2022 00102udc4070aBIBTCEMTbBIBTCEMTd2023-11-17hv. 2l0o342.92 C732pBIBTCEMT23110705r2023-11-17tEx. 3w2023-11-17yLVz1. reimpr. 2022 00102udc4070aBIBTCEMTbBIBTCEMTd2023-11-17hv. 2l0o342.92 C732pBIBTCEMT23110706r2023-11-17tEx. 4w2023-11-17yLVz1. reimpr. 2022 00102udc4070aBIBTCEMTbBIBTCEMTd2023-11-17hv. 2l0o342.92 C732pBIBTCEMT23110707r2023-11-17tEx. 5w2023-11-17yLVz1. reimpr. 2022 c212d212